Derecho Comercial

Gorde:
Xehetasun bibliografikoak
Egile nagusia: Sandoval López, Ricardo (autor)
Formatua: Liburua
Hizkuntza:gaztelania
Argitaratua: Santiago, Chile: Jurídica de Chile, 2016-2023
Edizioa:Primera edición (t.V-XV)
Gaiak:
Etiketak: Etiketa erantsi
Etiketarik gabe, Izan zaitez lehena erregistro honi etiketa jartzen!

MARC

LEADER 00000cam a2200000 a 4500
001 UCD6572
003 CL-VaPUC
005 20250407202432.0
008 161223e20160000cl |||||||||||||||||spa|d
999 |c 366855  |d 366853 
020 |a 9789561023949 (t.V) 
020 |a 9789561024137 (t.VI) 
020 |a 9789561024465 (t.VII) 
020 |a 9789561024847 (t.VIII) 
020 |a 9789561025127 (t.IX) 
020 |a 9789561025462 (t.X) 
020 |a 9789561025738 (t.XI) 
020 |a 9789561025943 (t.XII) 
020 |a 978-956-10-2631-5 (t. XIII) 
020 |a 978-956-10-2650-6 (t.XIV) 
020 |a 978-956-10-2687-2 (t.XV) 
020 |a 978-956-10-2336-9 (o.c) 
040 |c Pontificia Universidad Católica de Valparaíso 
082 0 4 |a 346.07 SAN 2016 (t. V-VI)  |2 21 
082 0 4 |a 346.07 SAN 2017 (t. VII)  |2 21 
082 0 4 |a 346.07 SAN 2018 (t. VIII-IX)  |2 21 
082 0 4 |a 346.07 SAN 2019 (t. X)  |2 21 
082 0 4 |a 346.07 SAN 2020 (t. XI-XII)  |2 21 
082 0 4 |a 346.07 SAN 2021 (t.XIII)  |2 21 
082 0 4 |a 346.07 SAN 2022 (t.XIV)  |2 21 
082 0 4 |a 346.07 SAN 2023 (t.XV) 
100 1 |a Sandoval López, Ricardo  |e autor  |9 170 
245 1 0 |a Derecho Comercial 
250 |a Primera edición (t.V-XV) 
250 |a Tercera edición ampliada y actualizada (t.XII) 
250 |a Octava edición conforme a la ley n° 20.720 actualizada y aumentada. (t.XI) 
260 |a Santiago, Chile:  |b Jurídica de Chile,  |c 2016-2023 
300 |a 15 tomos. 
500 |a  t. VII.c.2-c.3. Instituto Arcos 8-1-2025. 
505 |a T.V: Derecho del consumidor. Protección del consumidor en el derecho nacional y en la legislación comparada. T.VI. Derecho del comercio electrónico. Análisis de la normativa nacional sobre la materia. Derecho comparado y Derecho internacional del comercio electrónico. T.VII. Garantías reales y personales en el derecho mercantil nacional y comparado. TVIII. Derecho del turismo. T.IX. Derecho de seguros. Análisis de la normativa nacional y Derecho comparado. T.X. Derecho de la navegación y del comercio marítimos. Normativa nacional de Derecho Público y Privado mercantil y de Derecho comparado sobre la materia. T.XI. Derecho concursal. Reorganización y liquidación de empresas y personas. T.XII v.1.v.2 . Contratos mercantiles. T. XIII.Derecho bancario público, Derecho bancario privado, Banca electrónica y Derecho comparado. T.XIV. Derecho bursátil mercantil público y privado. Operaciones bursátiles. Bolsa electrónica. Derecho comparado. T.XV. Derecho de sociedades. Sociedades de personas y sociedades de capital. 
583 |a last modification  |c 20190916 09:08:10  |k Rodrigo Vera 
650 1 |a Derecho comercial chileno  |9 430902 
650 1 |a Derecho comparado  |x Chile  |9 890320 
852 |a BIBDER 
942 |c BK  |2 ddc  |n 0 
945 |d 20161223 10:00:00  |a dcastane 
952 |0 0  |1 0  |2 ddc  |3 erb  |4 0  |6 346_070000000000000_SAN_2016  |7 0  |8 A  |9 468213  |a BIBDER  |b BIBDER  |h t. V  |i 5298938  |l 2  |m 1  |o 346.07 SAN 2016  |p 5298938  |r 2023-07-05  |s 2023-06-27  |w 2019-11-23  |y BK  |z Catalogado en:20160722  |k DER 
952 |0 0  |1 0  |2 ddc  |3 erb  |4 0  |6 346_070000000000000_SAN_2016  |7 0  |8 A  |9 481441  |a BIBDER  |b BIBDER  |h t.VI  |i 535739K  |l 2  |o 346.07 SAN 2016  |p 535739K  |r 2023-01-25  |s 2022-08-29  |w 2019-11-24  |y BK  |z Catalogado en:20161223  |k DER 
952 |0 0  |1 0  |2 ddc  |3 erb  |4 0  |6 346_070000000000000_SAN_2017  |7 0  |8 A  |9 481442  |a BIBDER  |b BIBDER  |h t.VII  |i 5417511  |o 346.07 SAN 2017  |p 5417511  |r 2023-01-25  |w 2019-11-24  |y BK  |z Catalogado en:20170818  |k DER 
952 |0 0  |1 0  |2 ddc  |3 erb  |4 0  |6 346_070000000000000_SAN_2018  |7 0  |8 A  |9 481443  |a BIBDER  |b BIBDER  |h t.VIII  |i 5475139  |l 1  |o 346.07 SAN 2018  |p 5475139  |r 2023-04-20  |s 2023-04-20  |t 1  |w 2019-11-24  |y BK  |z Catalogado en:20180615  |k DER 
952 |0 0  |1 0  |2 ddc  |3 erb  |4 0  |6 346_070000000000000_SAN_2018  |7 0  |8 A  |9 481444  |a BIBDER  |b BIBDER  |h t.IX  |i 5556880  |l 3  |o 346.07 SAN 2018  |p 5556880  |r 2023-06-19  |s 2023-06-19  |w 2019-11-24  |y BK  |z Catalogado en:20190809  |k DER 
952 |0 0  |1 0  |2 ddc  |3 erb  |4 0  |6 346_070000000000000_SAN_2019  |7 0  |8 A  |9 481445  |a BIBDER  |b BIBDER  |d 2019-09-04  |e 22  |g 29000.00  |h t.X  |i 5560713  |l 1  |o 346.07 SAN 2019  |p 5560713  |r 2023-01-25  |s 2022-08-17  |v 29000.00  |w 2019-11-24  |y BK  |z Catalogado en:20190927  |k DER 
952 |0 0  |1 0  |2 ddc  |4 0  |6 346_070000000000000_SAN_2020  |7 0  |8 A  |9 577324  |a BIBDER  |b BIBDER  |d 2020-12-29  |e 22  |g 42999.00  |h t.XI  |i 5580811  |l 9  |m 3  |o 346.07 SAN 2020  |p 5580811  |r 2024-01-11  |s 2024-01-11  |t 1  |v 42999.00  |w 2020-12-29  |y BK  |k DER 
952 |0 0  |1 0  |2 ddc  |4 0  |6 346_070000000000000_SAN_2020  |7 0  |8 A  |9 578290  |a BIBDER  |b BIBDER  |d 2021-06-24  |e 22  |g 40250.00  |h t.XII v.2  |i 5585317  |l 10  |m 7  |o 346.07 SAN 2020  |p 5585317  |r 2025-03-20  |s 2025-03-20  |t 1  |v 40250.00  |w 2021-06-24  |y BK  |k DER 
952 |0 0  |1 0  |2 ddc  |4 0  |6 346_070000000000000_SAN_2020  |7 0  |8 A  |9 578291  |a BIBDER  |b BIBDER  |d 2021-06-24  |e 22  |g 40250.00  |h t.XII v.1  |i 5585309   |l 7  |o 346.07 SAN 2020  |p 5585309  |r 2025-04-01  |s 2025-04-01  |t 1  |v 40250.00  |w 2021-06-24  |y BK  |k DER 
952 |0 0  |1 0  |2 ddc  |4 0  |6 346_070000000000000_SAN_2021  |7 0  |8 A  |9 579478  |a BIBDER  |b BIBDER  |d 2021-12-03  |e 22  |g 42000.00  |h t. XIII  |i 5628199  |l 8  |m 8  |o 346.07 SAN 2021  |p 5628199  |r 2024-11-29  |s 2024-11-29  |t 1  |v 42000.00  |w 2021-12-09  |y BK  |k DER 
952 |0 0  |1 0  |2 ddc  |4 0  |6 346_070000000000000_SAN_2022  |7 0  |8 A  |9 583083  |a BIBDER  |b BIBDER  |d 2022-05-16  |e 22  |g 31000.00  |h t. XIV  |i 5651239  |l 2  |m 1  |o 346.07 SAN 2022  |p 5651239  |r 2023-01-25  |s 2022-07-29  |t 1  |v 31000.00  |w 2022-05-16  |y BK  |k DER 
952 |0 0  |1 0  |2 ddc  |4 0  |6 346_070000000000000_SAN_2023  |7 0  |8 A  |9 590145  |a BIBDER  |b BIBDER  |d 2023-05-23  |e 22  |g 46000.64  |h t.XV  |i 5657502  |l 10  |o 346.07 SAN 2023  |p 5657502  |r 2025-04-28  |s 2025-04-21  |t 1  |v 46000.64  |w 2023-05-23  |y BK  |k DER 
952 |0 0  |1 0  |2 ddc  |4 0  |6 346_070000000000000_SAN_2018  |7 0  |8 A  |9 600771  |a BIBINC  |b BIBINC  |d 2025-03-07  |e Instituto Arcos  |h t. VIII  |i 5665680  |o 346.07 SAN 2018   |p 5665680  |r 2025-03-07  |t 2  |w 2025-03-07  |y BK  |k IFP 
952 |0 0  |1 0  |2 ddc  |4 0  |6 346_070000000000000_SAN_2018  |7 0  |8 A  |9 600772  |a BIBINC  |b BIBINC  |d 2025-03-07  |e Instituto Arcos  |h t. VIII  |i 5665681  |o 346.07 SAN 2018   |p 5665681  |r 2025-03-07  |t 3  |w 2025-03-07  |y BK  |k IFP